Flagi miast województwa podlaskiego - Statystyki

Ogólne statystyki
  • Ten quiz został rozwiązany 68 razy
  • Średni wynik to 11 z 20
Statystyki odpowiedzi
Obrazkowy Odpowiedź % Poprawnych
Białystok
100%
Łomża
88%
Suwałki
88%
Zambrów
72%
Kolno
61%
Sejny
61%
Sokółka
61%
Siemiatycze
60%
Choroszcz
56%
Wysokie Mazowieckie
54%
Mońki
49%
Wasilków
49%
Łapy
47%
Supraśl
40%
Tykocin
39%
Goniądz
35%
Krynki
35%
Czyżew
32%
Zabłudów
32%
Ciechanowiec
28%
Nie znaleziono quizów pasujących do podanych kryteriów
Rozkład punktacji
Procent ludzi z każdym wynikiem
Percentyl według liczby udzielonych odpowiedzi
Twoja historia wyników
Nie rozwiązałeś tego quizu